000 00294nam a22001337a 4500
020 _a9780809255189
041 _aeng
080 _a51
090 _bMIT
100 _aMitchell, Robert.
245 _aNumber Power 3: The Real World of Adult Math; Algebra.
650 _aScience
999 _c279628
_d279628
942 _cBK